00976nam a2200289 a 4500008004100000020001800041041000800059100002400067245005800091250001100149260003500160300001100195500012000206653001400326653002100340653002800361653002000389653004500409653005900454653003100513653002500544653003300569653001900602653002500621653001900646700002100665130729s2013 ag ||||| |||| 00| 0 spa d a9788415684060 aspa1 aCasciato, Dennis A. aManual de oncología clínica /cDennis A. Casciato a7a ed. aBarcelona:bLippincott;c2013. a928 p. aCasciato, D. A. y Territo, M. C. (Col.). (2013). Manual de oncología clínica. (7a ed.). Barcelona : Lippincott. aOncologia aMedicina nuclear aOncologia radioterapica aAntineoplasicos aTratamiento sintomatico y complementario aComunicacion con los enfermos de cancer y sus familias aTumores de cabeza y cuello aNeoplasias de pulmon aCancer del aparato digestivo aCancer de mama aNeoplasias hematicas aComplicaciones1 aTerrito, Mary C.